Statistics for Назови американских президентов в хронологическом порядке

Click here to take the quiz!

General Stats

  • This quiz has been taken 313 times
  • The average score is 11 of 46

Answer Stats

Год ПравленияПрезидент% Correct
1789-1797ггДжордж Вашингтон
91%
2017-2021ггДональд Трамп
85%
2009-2017ггБарак Обама
84%
2021-...ггДжо Байден
84%
1861-1865ггАвраам Линкольн
61%
2001-2009ггДжордж Уокер Буш
60%
1961-1963ггДжон Кеннеди
57%
1989-1993ггДжордж Герберт Уокер Буш
54%
1933-1945ггФранклин Рузвельт
49%
1993-2001ггБилл Клинтон
46%
1901-1909ггТеодор Рузвельт
43%
1981-1989ггРональд Рейган
41%
1945-1953ггГарри Трумэн
32%
1801-1809ггТомас Джефферсон
30%
1969-1974ггРичард Никсон
29%
1797-1801ггДжон Адамс
27%
1977-1981ггДжимми Картер
21%
1913-1921ггВудро Вильсон
20%
1953-1961ггДуайт Эйзенхауер
17%
1974-1977ггДжеральд Форд
16%
1817-1825ггДжеймс Монро
15%
1963-1969ггЛиндон Джонсон
14%
1829-1837ггЭндрю Джексон
12%
1825-1829ггДжон Куинси Адамс
11%
1809-1817ггДжеймс Мэдисон
11%
1923-1929ггКалвин Кулидж
8%
1849-1850ггЗакари Тейлор
7%
1897-1901ггУильям Мак-Кинли
7%
1881гДжеймс Гарфилд
7%
1837-1841ггМартин Ван Бюрен
7%
1841г.Уильям Гаррисон
7%
1869-1877ггУлисс Грант
7%
1841-1845ггДжон Тайлер
7%
1865-1869ггЭндрю Джонсон
6%
1909-1913ггУильям Тафт
6%
1845-1849ггДжеймс Нокс Полк
6%
1853-1857ггФранклин Пирс
6%
1885-1889ггГровер Кливленд
5%
1929-1933ггГербер Гувер
5%
1893-1897ггГровер Кливленд
5%
1857-1861ггДжеймс Бьюкенен
4%
1921-1923ггУоррен Гардинг
4%
1881-1885ггЧестер Артур
4%
1889-1893ггБенджамин Гаррисон
3%
1850-1853ггМиллард Филлморд
2%
1877-1881ггРатерфорд Хейс
2%

Score Distribution

Percentile by Number Answered

Percent of People with Each Score

Your Score History

You have not taken this quiz